|
|
|
|
| LEADER |
00000cam a2200000 7i4500 |
| 001 |
0000003916 |
| 005 |
20111102.0 |
| 020 |
0 |
0 |
|a 9789675221248
|
| 090 |
0 |
0 |
|a 587.3095951
|b FRIM 2010
|
| 245 |
1 |
0 |
|a Flora in Peninsular Malaysia Series I :
|b Ferns and Lycophytes: Volume 1
|c edited by B.S.Parris...[et.al]
|
| 260 |
0 |
0 |
|a Kuala Lumpur :
|b Forest Research Institute Malaysia ,
|c 2010
|
| 300 |
|
|
|a ix.249 p. ;
|c 25cm.
|
| 490 |
0 |
0 |
|a Malayan forests records;
|v no.48
|
| 650 |
0 |
0 |
|a Ferns---Malaysia
|
| 650 |
0 |
0 |
|a Lycopodiaceae---Malaysia
|
| 700 |
0 |
1 |
|a Chung, R.C.K
|
| 700 |
0 |
1 |
|a Kiew, R.
|
| 700 |
0 |
1 |
|a Parris, B.S
|
| 700 |
0 |
1 |
|a Saepadmo, E
|
| 700 |
0 |
1 |
|a Saw, L.G
|
| 710 |
2 |
1 |
|a Forest Research Institute Malaysia
|
| 998 |
|
|
|a JPSM
|
| 999 |
|
|
|a 007694
|b Monograph
|c Open Shelf
|e Default branch
|